Movies at the Half-Hour Mark (Best Picture) Quiz Stats

 Plays Quiz Updated Feb 6, 2018

Score 0/20 Timer 05:00
5 Plays Today
% Correct
Titanic
99.6%
Forrest Gump
95.3%
The Silence of the Lambs
92.9%
Braveheart
91.2%
Gladiator
89.3%
The Lord of the Rings: The Return of the King
86.6%
The Godfather: Part II
85.2%
The King's Speech
81.5%
Slumdog Millionaire
79.1%
Dances with Wolves
72.1%
% Correct
No Country for Old Men
66.3%
Schindler's List
63.3%
Rocky
53.4%
Birdman or (The Unexpected Virtue of Ignorance)
53.3%
Gandhi
51.8%
Unforgiven
51.7%
Kramer vs. Kramer
42%
The Artist
36.1%
Moonlight
35.5%
The Deer Hunter
24.8%

You're not logged in!

Compare scores with friends on all Sporcle quizzes.
Join for Free
OR
Log In

You Might Also Like...

Show Comments

Extras

Top Quizzes Today


Score Distribution

Your Account Isn't Verified!

In order to create a playlist on Sporcle, you need to verify the email address you used during registration. Go to your Sporcle Settings to finish the process.

Report this User

Report this user for behavior that violates our Community Guidelines.

Details: